| 000 | 00000nam##2200000za#4500 |
| 001 | 9.571079 |
| 003 | CaOODSP |
| 005 | 20210624182541 |
| 007 | cr ||||||||||| |
| 008 | 150406|2008||||xxc|||||o f|0| 0 eng|d |
| 022 | |a1919-5087 |
| 040 | |aCaOODSP|beng |
| 043 | |an-cn--- |
| 086 | 1 |aFs70-6/2008-062E-PDF |
| 110 | 1 |aCanada. |bDepartment of Fisheries and Oceans. |bQuebec Region. |
| 245 | 10|aRecovery potential assessment for freshwater harbour seal, Phoca vitulina mellonae, (Lac des Loups Marins designated unit (DU)) |h[electronic resource] |
| 246 | 1 |aQuebec Region - RPA for freshwater harbour seal, Lac des Loups Marins DU |
| 260 | |aMont-Joli - Quebec : |bFisheries and Oceans Canada. |cApril 2009. |
| 300 | |a11p.|bcoloured maps, graph, references, photographs |
| 490 | 1 |aCanadian Science Advisory Secretariat science advisory report |x1919-5087|v2008/062, Quebec Region |
| 590 | |a11-21-Supp|b2011-09-30 |
| 775 | 08|tÉvaluation du potentiel de rétablissement du phoque commun d'eau douce, Phoca vitulina mellonae, (unité désignable (UD) du lac des Loups Marins) |w(CaOODSP)9.601723 |
| 830 | #0|aScience advisory report (Canadian Science Advisory Secretariat)|x1919-5087|v2008/062, Quebec Region|w(CaOODSP)9.506226 |
| 856 | 40|ahttp://publications.gc.ca|qPDF|s270 KB|uhttps://publications.gc.ca/collections/collection_2011/mpo-dfo/Fs70-6-2008-062-eng.pdf|y2008/062, Quebec Region |